00693cam a2200229 a 45000010008000000030006000080050017000140080041000310100017000720200022000890400018001110500022001290820017001511000022001682450099001902600048002893000021003375000020003585040030003786500022004087400033004303840558GBCCL20241126110408.0870618s1987 mnu b 001 0 eng  a 87017570  a0806622806 (pbk.) aDLCcDLCdDLC00aBV2063b.S48 198700a266219bSCH1 aScherer, James A.10aGospel, church & kingdom :bcomparative studies in world mission theology /cJames A. Scherer. aMinneapolis :bAugsburg Pub. House,cc1987. a271 p. ;c22 cm. aIncludes index. aBibliography: p. 264-267. 0aMissionsxTheory.0 aGospel, church, and kingdom.